000 00562nam a22001937a 4500
003 OSt
005 20160823143233.0
008 160823b xxu||||| |||| 00| 0 eng d
020 _a1841842826
040 _cDNLM.
082 _aWE346P881h 2003.
100 _aEdited by Capell,Hilary;Madhok,Rajan;
_910909
245 _aPractical Prescribing Guidelines in Rheumatoid arthritis:
260 _aNew York.
_bMartin Dinitz;
_c2003.
300 _a214p;
_bill.
_c24cm.
504 _aReferences and index.
650 _aRheumatoid arthritis.
_910910
942 _2z
_cO_SHELF
999 _c5081
_d5081